Soldiers as businessmen: the economic activities of Central America_s Militaries /
El libro abarca el tema de como la actividad militar en Centroamérica es una actividad de economía, así como se percibe a los soldados como hombres de negocios, ya que este es un fenómeno que se ha estado presentando en los países de Centroamérica.
保存先:
| 第一著者: | |
|---|---|
| その他の著者: | |
| フォーマット: | テキスト |
| 言語: | Spanish |
| 出版事項: |
San José:
Fundación Arias para la Paz y el Progreso Humano
1998
|
| 主題: | |
| タグ: |
タグ追加
タグなし, このレコードへの初めてのタグを付けませんか!
|
MARC
| LEADER | 00000 a a2200000 04500 | ||
|---|---|---|---|
| 001 | 31337 | ||
| 003 | cru CIDCACS/IIS | ||
| 005 | 20230707090626.0 | ||
| 008 | 230328b1998 cr ||||| |||| 00| 0 spa d | ||
| 020 | |a 9977-17-055-X | ||
| 040 | |c CRAI IIS | ||
| 090 | |a 01.02.06 B837s | ||
| 100 | |a Brenes, Arnoldo | ||
| 245 | |a Soldiers as businessmen: the economic activities of Central America_s Militaries / |c Arnoldo Brenes | ||
| 260 | |a San José: |b Fundación Arias para la Paz y el Progreso Humano |c 1998 | ||
| 300 | |a 169 p. | ||
| 520 | |a El libro abarca el tema de como la actividad militar en Centroamérica es una actividad de economía, así como se percibe a los soldados como hombres de negocios, ya que este es un fenómeno que se ha estado presentando en los países de Centroamérica. | ||
| 650 | |a FUERZAS ARMADAS | ||
| 650 | |a NEGOCIOS | ||
| 650 | |a ASPECTOS ECONOMICOS | ||
| 650 | |a PENSIONES DE JUBILACION | ||
| 650 | |a HOMBRES DE NEGOCIOS | ||
| 650 | |a AMERICA CENTRAL | ||
| 700 | |a ed. |a Casas, Kevin |a ed. | ||
| 942 | |2 ddc |c LI | ||
| 999 | |c 13844 |d 13844 | ||



